Statystyki dla Ludzie quiz #10 - Piosenkarze i piosenkarki

Kliknij tutaj aby rozwiązać quiz!

Ogólne statystyki

  • Ten quiz został rozwiązany 63 razy
  • Średni wynik to 10 z 16

Statystyki odpowiedzi

Odpowiedź% Poprawnych
Sanah
98%
Zenon Martyniuk
98%
Edyta Górniak
91%
Kizo
84%
Ariana Grande
76%
Adele
69%
Quebonafide
69%
Elvis Presley
67%
Miley Cyrus
67%
Daria Zawiałow
64%
Justyna Steczkowska
64%
Maciej Maleńczuk
64%
Harry Styles
53%
Radosław Liszewski
29%
Felicjan Andrzejczak
21%
Krzysztof Kasowski
12%

Rozkład punktacji

Percentyl według liczby udzielonych odpowiedzi

Procent ludzi z każdym wynikiem

Twoja historia wyników

Nie rozwiązałeś tego quizu